| 000 | 00988 a2200277 4500 | ||
|---|---|---|---|
| 003 | CBULib | ||
| 005 | 20250129093023.0 | ||
| 008 | 241104b |||||||| |||| 00| 0 eng d | ||
| 020 | _a9780323327077 | ||
| 040 |
_bEnglish _cCBULib _erda |
||
| 050 | _aSF 811.565 Kee | ||
| 100 | _aKeene, Bruce W. | ||
| 245 |
_aRapid interpretation of heart and lung sounds : a guide to cardiac and respiratory auscultation in dogs and cats _c/ by Bruce W. Keene |
||
| 260 |
_bElsevier, _c2015 _aSt. Louis : |
||
| 300 | _a xvii, 93 pages : illustrations | ||
| 336 |
_2rdacontent _aText | _btxt |
||
| 337 |
_2rdamedia _aUnmediated | _bn |
||
| 338 |
_2rdacarrier _aVolume _bnc |
||
| 500 | _aIncludes revision of: Rapid interpretation of heart and lung sounds. | ||
| 650 | 0 |
_93973 _aARRHYTHMIAS, CARDIAC VETERINARY |
|
| 650 | 0 |
_93974 _aASCULTATION |
|
| 650 | 0 |
_93975 _aAUSCULTATION VETERINARY |
|
| 650 | 0 |
_93976 _aCAT DISEASES DIAGNOSIS |
|
| 650 | 0 |
_93977 _aDOGS CARDIOVASCULAR SYSTEM |
|
| 942 |
_2lcc _c002 |
||
| 999 |
_c85763 _d85763 |
||